书目信息 |
| 题名: |
美学概论
|
|
| 作者: | 牛宏宝 著 | |
| 分册: | ||
| 出版信息: | 北京 中国人民大学出版社 2005.03 |
|
| 页数: | 285页 | |
| 开本: | 23cm | |
| 丛书名: | ||
| 单 册: | ||
| 中图分类: | B83-0 | |
| 科图分类: | ||
| 主题词: | 美学--mei xue--高等学校--教材 | |
| 电子资源: | ||
| ISBN: | 7-300-06383-7 | |
| 000 | 00802nam0 2200241 450 | |
| 001 | 012006977547 | |
| 005 | 20060920111802.12 | |
| 010 | @a7-300-06383-7@dCNY20.00 | |
| 100 | @a20060703d2005 km y0chiy0120 ea | |
| 101 | 0 | @achi |
| 102 | @aCN@b110000 | |
| 105 | @aa a 000yy | |
| 200 | 1 | @a美学概论@Amei xue gai lun@f牛宏宝著@Fniu hong bao zhu |
| 210 | @a北京@c中国人民大学出版社@d2005.03 | |
| 215 | @a285页@c图@d23cm | |
| 300 | @a21世纪中国语言文学通用教材 | |
| 320 | @a有书目。 | |
| 330 | @a本书系统地阐述了美学概论,审美活动的发生与发展,美感经验,美感经验的形态,审美活动的本质,艺术活动等内容,并提供知识要点与思考题目。 | |
| 606 | 0 | @a美学@Amei xue@x高等学校@j教材 |
| 690 | @aB83-0@v4 | |
| 701 | 0 | @a牛宏宝@Aniu hong bao@4著 |
| 801 | 0 | @aCN@bQSSK@c20060920 |
| 905 | @a10447@dB83-0@eN705 | |
| 美学概论/牛宏宝著.-北京:中国人民大学出版社,2005.03 |
| 285页:图;23cm |
| 21世纪中国语言文学通用教材 |
| ISBN 7-300-06383-7:CNY20.00 |
| 本书系统地阐述了美学概论,审美活动的发生与发展,美感经验,美感经验的形态,审美活动的本质,艺术活动等内容,并提供知识要点与思考题目。 |
| ● |
| 相关链接 |
|
|
|
正题名:美学概论
索取号:B83-0/N705
 
预约/预借
| 序号 | 登录号 | 条形码 | 馆藏地/架位号 | 状态 | 备注 |
| 1 | 593223 | 205932231 | 社科库509/509社科库 33排1列2层/ [索取号:B83-0/N705] | 在馆 | |
| 2 | 593224 | 205932240 | 社科库509/509社科库 33排1列2层/ [索取号:B83-0/N705] | 在馆 | |
| 3 | 593225 | 205932259 | 社科库509/509社科库 33排1列2层/ [索取号:B83-0/N705] | 在馆 |